| 000 | 02168cam a2200313 i 4500 | ||
|---|---|---|---|
| 001 | 9846675 | ||
| 003 | CaAEU | ||
| 005 | 20250707141834.0 | ||
| 006 | m o d | ||
| 007 | cr ||||||||||| | ||
| 008 | 210611s2021 enk o 000 0 eng d | ||
| 020 |
_a9781783965373 _q(print) |
||
| 039 | _aexclude | ||
| 040 |
_aCaONFJC _beng _erda _cCaONFJC _dAEU |
||
| 041 | _aEnglish | ||
| 050 | 1 | 4 |
_aJC319 _b.M377 2021 |
| 100 |
_aMarshall, Tim, _d1959- _eauthor. |
||
| 245 | 1 | 4 |
_aThe power of geography _b: ten maps that reveal the future of our world _c/ Tim Marshall. |
| 264 | 1 |
_aLondon : _bElliott & Thompson, _c[2021] |
|
| 264 | 4 | _c©2021 | |
| 300 | _a312 pages | ||
| 505 | _aAustralia — Iran — Saudi Arabia — The United Kingdom — Greece — Turkey — The Sahel — Ethiopia — Spain — Space. | ||
| 506 | _aAccess restricted to authorized users and institutions. | ||
| 520 | _aTim Marshall’s global bestseller Prisoners of Geography showed how every nation’s choices are limited by mountains, rivers, seas and concrete. Since then, the geography hasn’t changed. But the world has. In this revelatory new book, Marshall explores ten regions that are set to shape global politics in a new age of great-power rivalry: Australia, Iran, Saudi Arabia, the UK, Greece, Turkey, the Sahel, Ethiopia, Spain and Space. Find out why Europe’s next refugee crisis is closer than it thinks as trouble brews in the Sahel; why the Middle East must look beyond oil and sand to secure its future; why the eastern Mediterranean is one of the most volatile flashpoints of the twenty-first century; and why the Earth’s atmosphere is set to become the world’s next battleground. Delivered with Marshall’s trademark wit and insight, this is a lucid and gripping exploration of the power of geography to shape humanity’s past, present – and future. | ||
| 588 | _aDescription based on print version record. | ||
| 650 | 0 |
_aGeopolitics _910850 |
|
| 776 | 0 | 8 |
_iPrint version: _aMarshall, Tim, 1959- _tPower of geography : ten maps that reveal the future of our world. _dLondon : Elliott & Thompson, c2021 _h312 pages _z9781783965373 |
| 942 | _2lcc | ||
| 999 |
_c4834 _d4834 |
||